[Event "Werner-Ott-Open 2012"]
[Site "Berlin GER"]
[Date "2012.07.10"]
[Round "4.10"]
[White "Kirchhof,A"]
[Black "Lehmann,Kl"]
[Result "1/2-1/2"]
[WhiteElo "2034"]
[BlackElo "2348"]

1.d4 Nf6 2.Nf3 e6 3.c4 b6 4.a3 Bb7 5.Nc3 d5 6.Bg5 Nbd7 7.cxd5 exd5 8.e3 Be7
9.Bd3 O-O 10.O-O Ne4 11.Bxe7 Qxe7 12.Qc2 c5 13.Rac1 Rac8 14.dxc5 Ndxc5 15.Nd4 Ne6
16.Bxe4 dxe4 17.Nxe6 Qxe6 18.Qa4 Bc6 19.Qb4 a5 20.Qxb6 Rb8 21.Qxa5 Rxb2 22.Na4 Bxa4
23.Qxa4 g6 24.Rc4 Re8 25.Rfc1 Kg7 26.R4c2 Rxc2 27.Qxc2 h5 28.h3 Ra8 29.a4 Qe5
30.Qc6 Rb8 31.Qc3 Qxc3 32.Rxc3 Rb1+ 33.Kh2 Ra1  1/2-1/2

[Event "27th Gniota Memorial"]
[Site "Police POL"]
[Date "2012.07.11"]
[Round "1.3"]
[White "Olszewski,Mi"]
[Black "Zschaebitz,K"]
[Result "1-0"]
[WhiteElo "2526"]
[BlackElo "2105"]

1.d4 e6 2.c4 Nf6 3.Nf3 b6 4.a3 Bb7 5.Nc3 d5 6.Bg5 Be7 7.Bxf6 Bxf6 8.cxd5 exd5
9.Qb3 O-O 10.g3 c5 11.Rd1 Na6 12.Bg2 c4 13.Qc2 Nc7 14.O-O Re8 15.Rfe1 g6
16.e4 dxe4 17.Ne5 Ne6 18.Nxe4 Bxe4 19.Rxe4 Rc8 20.Bh3 Ng5 21.Bxc8 Nxe4 22.Bd7 Bxe5
23.Bxe8 Bxd4 24.Bxf7+  1-0

[Event "Turkish Bank Chess League 2012"]
[Site "Konya TUR"]
[Date "2012.07.12"]
[Round "2"]
[White "Arig,B"]
[Black "Kazimova,N"]
[Result "0-1"]
[WhiteElo "1864"]
[BlackElo "2198"]

1.d4 Nf6 2.Nf3 e6 3.c4 b6 4.a3 Bb7 5.Nc3 d5 6.cxd5 Nxd5 7.Qc2 Nxc3 8.bxc3 Be7
9.e4 O-O 10.Bd3 c5 11.O-O Nd7 12.Qe2 Qc7 13.Bb2 c4 14.Bxc4 Bxe4 15.Nd2 Bb7
16.Bd3 Nf6 17.c4 Rfe8 18.h3 Rad8 19.Rac1 Qf4 20.c5 Bd5 21.Rfe1 e5 22.Qe3 Qxe3
23.Rxe3 exd4 24.Bxd4 bxc5 25.Bxc5 Rc8 26.Bb5 Rxc5 27.Rxc5 Bxc5 28.Rxe8+ Nxe8
29.Bxe8 Bxa3 30.Bb5 Kf8 31.Kf1 Ke7 32.f3 Bb4 33.Nc4 a5 34.Ke2 Kf6 35.Kd3 Kg5
36.Ne3 Bb3 37.g3 f5 38.f4+ Kf6 39.Nc2 Bxc2+ 40.Kxc2 Be1 41.g4 Bg3 42.gxf5 Bxf4
43.Kb3 h6 44.Bd3 Kg5 45.Ka4 Bd2 46.Kb5 Kh4 47.Bf1 Kg3 48.Ka4 Kf2 49.Bd3 Kg3
50.Bf1 Be1 51.Kb5 Kf2 52.Bd3 Kg2 53.h4 Bxh4 54.Kxa5 Bd8+ 55.Kb5 h5 56.Kc5 h4
57.Kd4 h3 58.Be4+ Kg1  0-1

[Event "6th LCT GpA 2012"]
[Site "Leiden NED"]
[Date "2012.07.13"]
[Round "7.16"]
[White "Vrublevskaya,O"]
[Black "Van der Auweraert,Elwin"]
[Result "0-1"]
[WhiteElo "2129"]
[BlackElo "2078"]

1.d4 Nf6 2.c4 e6 3.Nf3 b6 4.a3 Bb7 5.Nc3 Be7 6.d5 d6 7.g3 e5 8.Bg2 O-O 9.O-O a5
10.Rb1 Nbd7 11.b4 h6 12.e4 Re8 13.h3 Bf8 14.Be3 Nh7 15.Ne1 g6 16.Qd2 h5 17.Nd3 axb4
18.axb4 Ba6 19.Qa2 Bg7 20.Qb3 f5 21.Rfd1 Qf6 22.Qa4 Ndf8 23.Qc6 Reb8 24.Qxc7 Rc8
25.Qxb6 Bxc4 26.Ra1 Rxa1 27.Rxa1 Bxd3 28.Nb5 Bxb5 29.Qxb5 fxe4 30.Qb7 Rc2
31.b5 Bh6 32.Rf1 Bxe3 33.fxe3 Qg5 34.Qf7+ Kh8 35.Qe8 Qxe3+ 36.Kh2 Rf2 37.Rg1 Ng5
38.Kh1 Kg8 39.Qd8 Nf3 40.b6 Rxg2  0-1

[Event "27th Gniota Memorial"]
[Site "Police POL"]
[Date "2012.07.13"]
[Round "3.7"]
[White "Olszewski,Mi"]
[Black "Korbal,A"]
[Result "1-0"]
[WhiteElo "2526"]
[BlackElo "2127"]

1.d4 Nf6 2.c4 e6 3.Nf3 b6 4.a3 Ba6 5.Qc2 Be7 6.e4 d5 7.e5 Nfd7 8.cxd5 Bxf1
9.Kxf1 exd5 10.Nc3 c6 11.h4 Nf8 12.h5 Ne6 13.Be3 Nd7 14.g3 Ndf8 15.Nh4 Bxh4
16.Rxh4 Qd7 17.Rc1 h6 18.b4 Nh7 19.Kg2 O-O 20.f4 c5 21.f5 Nxd4 22.Bxd4 cxd4
23.Rxd4 Rac8 24.Qd3 Qe7 25.Nxd5 Qg5 26.Re1 Rfe8 27.Nf4 Nf6 28.Nh3  1-0

[Event "6th LCT GpA 2012"]
[Site "Leiden NED"]
[Date "2012.07.14"]
[Round "7.7"]
[White "Zakhartsov,Vi"]
[Black "Admiraal,M"]
[Result "1-0"]
[WhiteElo "2547"]
[BlackElo "2286"]

1.d4 Nf6 2.c4 e6 3.Nf3 b6 4.a3 Ba6 5.Qc2 Bb7 6.Nc3 c5 7.e4 cxd4 8.Nxd4 Bc5
9.Nb3 Nc6 10.Bf4 e5 11.Bg5 h6 12.Bh4 Be7 13.f3 O-O 14.Rd1 Ne8 15.Bf2 Nc7
16.Qd2 d6 17.Be3 Ne6 18.Be2 Qb8 19.O-O Rd8 20.g3 Nc5 21.Na1 a5 22.Nd5 a4
23.Nxb6 Ra7 24.Nd5 Bf8 25.Nc2 Rc8 26.Ncb4 Na5 27.Nc3 Ba6 28.Nxa6 Rxa6 29.Qc2 Qb3
30.Qxb3 Ncxb3 31.c5 Ra7 32.cxd6 Rd7 33.Nxa4 Rxd6 34.Rxd6 Bxd6 35.Rd1 Be7
36.Rd7 Bf8 37.Bd1 Rc4 38.Nb6 Rc6 39.Bxb3 Nxb3 40.Rd8  1-0

[Event "Turkish Bank Chess League 2012"]
[Site "Konya TUR"]
[Date "2012.07.15"]
[Round "5"]
[White "Esen,B"]
[Black "Erturan,Y"]
[Result "1/2-1/2"]
[WhiteElo "2575"]
[BlackElo "2377"]

1.d4 Nf6 2.c4 e6 3.Nf3 b6 4.a3 Bb7 5.Nc3 d5 6.cxd5 Nxd5 7.Qc2 Nd7 8.e4 Nxc3
9.bxc3 Be7 10.Bd3 c5 11.O-O Qc7 12.Qe2 O-O 13.Be3 Rfd8 14.Nd2 Nf8 15.f4 Rac8
16.a4 cxd4 17.cxd4 Bb4 18.Nf3 Qb8 19.d5 Qd6 20.Kh1 f5 21.exf5 Bxd5 22.Ba6 Rc3
23.f6 gxf6 24.Nd4 Qe7 25.Rad1 Ra3  1/2-1/2

[Event "ch-SUI Hauptturnier 1 2012"]
[Site "Flims SUI"]
[Date "2012.07.17"]
[Round "6"]
[White "Gruenenwald,J"]
[Black "Zuelle,B"]
[Result "1-0"]
[WhiteElo "2319"]
[BlackElo "2096"]

1.d4 Nf6 2.c4 e6 3.Nf3 b6 4.a3 Bb7 5.Nc3 d5 6.Bg5 Be7 7.Qa4+ c6 8.Bxf6 Bxf6
9.cxd5 exd5 10.g3 O-O 11.Bg2 Nd7 12.O-O c5 13.Rad1 Qc7 14.e3 Rfd8 15.Rd2 a6
16.Qc2 g6 17.dxc5 Qxc5 18.Qb3 Qc4 19.Qd1 Nf8 20.Nd4 Ne6 21.Nce2 Qc7 22.Qb3 b5
23.Rc1 Qb6 24.Qb4 Rac8 25.Rdc2 Nxd4 26.Nxd4 Bxd4 27.Rxc8 Rxc8 28.Rxc8+ Bxc8
29.exd4 Qe6 30.h4 Kg7 31.Bf3 Bb7 32.Kg2 Qc6 33.h5 gxh5 34.Qe7 Ba8 35.Bxh5 Qf6
36.Qa7 Kh6 37.Bf3 Bc6 38.Qxa6 Qe6 39.b3 Kg5 40.Qa5 Qe7 41.Qd2+ Kg6 42.Qc2+  1-0

[Event "16th Battle of Senta Open A"]
[Site "Senta SRB"]
[Date "2012.07.17"]
[Round "5.15"]
[White "Kumic,F"]
[Black "Sakic,S"]
[Result "1-0"]
[WhiteElo "2216"]
[BlackElo "1961"]

1.d4 Nf6 2.c4 e6 3.Nf3 b6 4.a3 Bb7 5.Nc3 Be7 6.d5 d6 7.e4 e5 8.Bd3 O-O 9.O-O Nbd7
10.g3 g6 11.Bh6 Re8 12.Ne1 Nh5 13.Qd2 Nc5 14.Bc2 a5 15.b3 Bc8 16.Ng2 f5 17.exf5 Bxf5
18.b4 Bxc2 19.Qxc2 Nd7 20.Be3 Bg5 21.Ne4 Bxe3 22.Nxe3 Qe7 23.Rac1 axb4 24.axb4 Ra7
25.Nd1 Rea8 26.Ndc3 Ndf6 27.Rce1 Nxe4 28.Rxe4 Qg5 29.Ree1 Kg7 30.Qb2 Ra3
31.Kh1 Qg4 32.Ne4 Qf3+ 33.Kg1 Ra2 34.Qc1 R8a3 35.c5 Nf4 36.gxf4 exf4 37.Qc4 Rc2
38.Qxc2 Qg4+ 39.Ng3 f3 40.Qb2+ Kh6 41.Qxa3 Qh3 42.Qxf3  1-0

[Event "23rd Czech Open Rapid"]
[Site "Pardubice CZE"]
[Date "2012.07.18"]
[Round "2.11"]
[White "Zakhartsov,Vi"]
[Black "Korinek,O"]
[Result "1-0"]
[WhiteElo "2547"]
[BlackElo "2325"]

1.d4 Nf6 2.c4 e6 3.Nf3 b6 4.a3 Bb7 5.Nc3 Be7 6.d5 O-O 7.g3 Re8 8.Bg2 d6 9.O-O e5
10.e4 Nbd7 11.Ne1 c6 12.dxc6 Bxc6 13.Nc2 Nc5 14.Nb4 Bb7 15.Nbd5 Nxd5 16.exd5 Nd7
17.Re1 Rc8 18.Bf1 f5 19.f3 a6 20.Be3 Bf6 21.Qd2 Nc5 22.Qf2 Rb8 23.Qc2 g6
24.b4 Nd7 25.Qb3 Kg7 26.Ra2 Qc7 27.Rc1 Rec8 28.a4 Qd8 29.a5 bxa5 30.Rxa5 Qg8
31.Qa2 Bd8 32.Ra3 Bb6 33.Qf2 Qd8 34.Na4 Bxe3 35.Qxe3 a5 36.b5 Ra8 37.Rca1 Kg8
38.Kg2 Kg7 39.Qd2 Kg8 40.Qe3 Kg7 41.Be2 Kg8 42.f4 Qe7 43.Bf1 Kf7 44.Kg1 e4
45.Nb6 Nxb6 46.Qxb6 Qc7 47.Qxc7+ Rxc7 48.Rxa5 Rb8 49.Kf2 Kf6 50.Ke3 h6 51.Kd4 g5
52.b6 Rd7 53.c5 dxc5+ 54.Rxc5 Rd6 55.Rb1 Ba8 56.Ra5 Bb7 57.Bc4 Bc8 58.Kc5 Rd8
59.Bb5 h5 60.Bc6 h4 61.Ra8 Rxa8 62.Bxa8 Ba6 63.b7 Rb8 64.Rb6+  1-0

[Event "Sparkassen Open A"]
[Site "Dortmund GER"]
[Date "2012.07.21"]
[Round "8.24"]
[White "Schorra,H"]
[Black "Dyballa,G"]
[Result "1-0"]
[WhiteElo "2081"]
[BlackElo "1986"]

1.d4 Nf6 2.Nf3 e6 3.c4 b6 4.a3 Bb7 5.Nc3 d5 6.cxd5 exd5 7.Bg5 Be7 8.e3 O-O
9.Bd3 Nbd7 10.Rc1 Re8 11.O-O Nf8 12.b4 c6 13.Qb3 Ne6 14.Bh4 Nh5 15.Bxe7 Qxe7
16.b5 Nf6 17.bxc6 Bxc6 18.Ne5 Bb7 19.Rc2 Rec8 20.Rfc1 Rc7 21.a4 Rac8 22.h3 g6
23.Nb5 Rxc2 24.Rxc2 Rxc2 25.Bxc2 a6 26.Nc3 Qd6 27.Bd1 Kg7 28.Bf3 Ng5 29.a5 b5
30.Na2 Nxf3+ 31.Nxf3 Ne4 32.Nb4 Qd8 33.Kf1 Qxa5 34.Ke2 Qd8 35.Ne5 Qd6 36.f3 Ng3+
37.Kf2 Nf5 38.g4 f6 39.gxf5 fxe5 40.Qb2 e4 41.f6+ Qxf6 42.f4 Qh4+ 43.Ke2 Qxh3
44.Qc2 Qd7 45.Qc5 a5 46.Na2 b4 47.Qxa5 b3 48.Nc3 Qc6 49.Qd8 Qf6 50.Qc7+ Kh6
51.Qxb7 b2 52.Qxb2 Qh4 53.Qc1 Qh2+ 54.Kd1 Qh5+ 55.Kc2 Qf5 56.Qa3 Kh5 57.Qd6 Kg4
58.Nxd5 h5 59.Ne7 Qa5 60.Qxg6+ Kf3 61.Nf5 Qa4+ 62.Kc3 Qa3+ 63.Kc4 Qa2+ 64.Kc5 Qa5+
65.Kc4 Qa2+ 66.Kb5 Qb3+ 67.Kc6 Qa4+ 68.Kc7 Qa5+ 69.Kd7 Qd5+ 70.Ke7 Ke2 71.Qxh5+ Kd2
72.Qf7 Qb7+ 73.Kf6 Qb6+ 74.Qe6 Qd8+ 75.Kg6 Kd3 76.Qb3+ Kd2 77.Qb2+ Ke1 78.Qb1+ Kf2
79.Qxe4 Qg8+ 80.Ng7  1-0

[Event "Turkish Bank Chess League 2012"]
[Site "Konya TUR"]
[Date "2012.07.21"]
[Round "12"]
[White "Ataman,A"]
[Black "Emiroglu,C"]
[Result "0-1"]
[WhiteElo "2183"]
[BlackElo "2278"]

1.d4 Nf6 2.c4 e6 3.Nf3 b6 4.a3 Bb7 5.Nc3 d5 6.cxd5 exd5 7.Qa4+ c6 8.Bg5 Be7
9.e3 O-O 10.Bd3 Nbd7 11.O-O Re8 12.Rad1 h6 13.Bf4 Nh5 14.Ne5 Nxf4 15.exf4 b5
16.Qc2 Nf6 17.Rfe1 b4 18.Na4 Qa5 19.Nc5 Bxc5 20.dxc5 Re7 21.Re3 bxa3 22.bxa3 Rae8
23.g3 Ba8 24.Bf5 Qc7 25.Rd4 Bb7 26.Qa4 Bc8 27.Bb1 Ng4 28.Qc2 Rxe5 29.Qh7+ Kf8
30.fxe5 Nxe3 31.Qh8+ Ke7 32.Qxg7 Ng4 33.e6 Bxe6 34.Rxg4 Bxg4 35.Qxg4 Qe5
36.Bf5 Rb8 37.Qh4+ f6 38.Qg4 Rf8 39.h4 d4 40.Bd3 f5 41.Qg6 Qf6 42.Qh5 f4
43.g4 Rg8 44.Kg2 Qe6 45.Bf5 Qd5+ 46.Kh2 d3 47.Qxh6 d2  0-1

[Event "ch-AUT 2012"]
[Site "Zwettl AUT"]
[Date "2012.07.21"]
[Round "1.14"]
[White "Pilaj,H"]
[Black "Zsifkovits,R"]
[Result "1/2-1/2"]
[WhiteElo "2338"]
[BlackElo "2152"]

1.d4 Nf6 2.Nf3 e6 3.c4 b6 4.a3 Bb7 5.Nc3 d5 6.cxd5 Nxd5 7.e3 Be7 8.Bb5+ c6
9.Bd3 O-O 10.O-O Nd7 11.e4 Nxc3 12.bxc3 c5 13.Qe2 Re8 14.Rd1 Qc7 15.a4 a6
16.Be3 c4 17.Bc2 Nf6 18.Nd2 b5 19.Rdb1 Bc6 20.f3 Nh5 21.e5 g6 22.g4 Ng7 23.Ne4 Qd8
24.axb5 axb5 25.Rxa8 Qxa8 26.Nf6+ Bxf6 27.exf6 Bxf3 28.Qd2 Bxg4 29.fxg7 Bf5
30.Rxb5 Bxc2 31.Qxc2 Qf3 32.Bf2 Ra8 33.Bg3 Ra1+ 34.Rb1 Rxb1+ 35.Qxb1 Qxc3
36.Be5 Qe3+ 37.Kg2 Qe2+ 38.Kg3 Qe3+ 39.Kg2 Qe2+ 40.Kg1 Qe3+ 41.Kf1 Qf3+ 42.Kg1  1/2-1/2

[Event "27th Avoine Open"]
[Site "Avoine FRA"]
[Date "2012.07.24"]
[Round "4.26"]
[White "Suez Panama,G"]
[Black "Duboue,P"]
[Result "0-1"]
[WhiteElo "2019"]
[BlackElo "2189"]

1.d4 Nf6 2.Nf3 e6 3.c4 b6 4.a3 Bb7 5.Nc3 Be7 6.d5 O-O 7.e4 d6 8.Bd3 Nbd7
9.O-O a5 10.Nd4 Nc5 11.Bc2 e5 12.Nf5 Bc8 13.b3 Bxf5 14.exf5 Qd7 15.Qf3 h6
16.Qg3 Kh8 17.Qh3 Nh7 18.g4 Rfe8 19.Qg3 Bf6 20.Ne4 Nxe4 21.Bxe4 Qe7 22.Ra2 Bh4
23.Qg2 Bg5 24.Re2 Bxc1 25.Rxc1 Qg5 26.Rce1 Qf4 27.Qg3 Qxg3+ 28.hxg3 Kg8 29.Kg2 Kf8
30.Bc2 Nf6 31.f3 Nd7 32.Kf2 Nc5 33.Re3 Ke7 34.Rh1 Kf6 35.Rh5 Ke7 36.Rh1 Nd7
37.f4 f6 38.Rhe1 Kf7 39.Kf3 Reb8 40.a4 Re8 41.R1e2 Nc5 42.Re1 Na6 43.R1e2 Rh8
44.Re1 Ke7 45.R3e2 Kd7 46.Rh1 Nb4 47.Be4 Rae8 48.g5 hxg5 49.Rxh8 Rxh8 50.fxg5 Ke7
51.Kg4 Na6 52.gxf6+ gxf6 53.Kf3 Nc5 54.Bc2 Rh1 55.Kg2 Ra1 56.g4 Kf7 57.Kg3 Kg7
58.Rg2 Ra3 59.Kh4 Ra2 60.g5 Nxb3 61.gxf6+ Kf8 62.Kg5 Nd4 63.Be4 Rxg2+ 64.Bxg2 Nb3
65.Be4 Nc5 66.Bc2 Kf7 67.Bd1 Ne4+  0-1

[Event "45th Biel Masters Open"]
[Site "Biel SUI"]
[Date "2012.07.24"]
[Round "2"]
[White "Golod,V"]
[Black "Kamber,B"]
[Result "1-0"]
[WhiteElo "2547"]
[BlackElo "2296"]

1.d4 Nf6 2.c4 e6 3.Nf3 b6 4.a3 Ba6 5.Qb3 c6 6.Nc3 d5 7.cxd5 cxd5 8.Nb5 Nc6
9.Bf4 Bb4+ 10.axb4 Bxb5 11.e3 Bxf1 12.Rxf1 O-O 13.Ke2 Nh5 14.Bg5 f6 15.Bh4 g5
16.g4 Ng7 17.Bg3 h5 18.h3 Qd7 19.Rfc1 hxg4 20.hxg4 e5 21.dxe5 Nxe5 22.Bxe5 fxe5
23.Nxe5 Qe6 24.Nd3 Qxg4+ 25.Kd2 Qg2 26.Rg1 Rxf2+ 27.Nxf2 Qxf2+ 28.Kd3 Qf5+
29.Ke2 Ne6 30.Raf1 Qe5 31.Kd2 Rc8 32.Rf2 Rc4 33.Rc1 Qg3 34.Rcf1 Qd6 35.Kd1 b5
36.Qd3 Re4 37.Qxb5 Nc7 38.Qc5 Qxc5 39.bxc5 Ne6 40.c6 d4 41.c7  1-0

[Event "Corporation Centre Cup A"]
[Site "Izhevsk RUS"]
[Date "2012.07.24"]
[Round "9.10"]
[White "Shinkevich,V"]
[Black "Shaposhnikov,E"]
[Result "0-1"]
[WhiteElo "2476"]
[BlackElo "2545"]

1.d4 Nf6 2.c4 e6 3.Nf3 b6 4.a3 Bb7 5.Nc3 d5 6.cxd5 exd5 7.g3 Be7 8.Bg2 O-O
9.O-O Nbd7 10.Bf4 Nh5 11.Be3 Nhf6 12.b4 Re8 13.Qb3 c6 14.Bf4 Nh5 15.Bd2 Nhf6
16.Ne5 Nxe5 17.dxe5 Ne4 18.Rad1 Nxd2 19.Rxd2 Qc7 20.f4 Rad8 21.Rc1 Qb8 22.b5 Bc5+
23.Kh1 Be3 24.Rdc2 Bxc1 25.Rxc1 Qa8 26.bxc6 Bxc6 27.Nb5 Bxb5 28.Qxb5 Qb7
29.Rd1 Qd7 30.a4 Qxb5 31.axb5 d4 32.Bc6 Re7 33.e4 Kf8 34.Kg2 Rc7 35.Kf3 a6
36.Bd5 Rc3+ 37.Kg4 axb5 38.Rxd4 Ke7 39.Rb4 Rc5 40.Rb1 Rdxd5 41.exd5 Rxd5
42.Kf5 Rc5 43.Ke4 g6 44.g4 Rc4+ 45.Kf3 b4 46.f5 g5 47.h3 Rc3+ 48.Ke4 b3 49.Kd5 Rxh3
50.Rb2 Rc3 51.Rb1 Rc5+ 52.Kd4 Rb5 53.Rb2 Rb4+ 54.Kd5 Kd7 55.f6 h6 56.e6+ fxe6+
57.Ke5 Rb5+ 58.Ke4  0-1

[Event "23rd Czech Open A"]
[Site "Pardubice CZE"]
[Date "2012.07.24"]
[Round "5.86"]
[White "Miljakin,V"]
[Black "Sarkozy,L"]
[Result "1/2-1/2"]
[WhiteElo "2222"]
[BlackElo "2334"]

1.d4 Nf6 2.c4 e6 3.Nf3 b6 4.a3 Ba6 5.Qc2 c5 6.e4 cxd4 7.Nxd4 d6 8.Nc3 Be7
9.Be2 O-O 10.g4 Bb7 11.g5 Nfd7 12.Rg1 Nc6 13.Nxc6 Bxc6 14.Be3 e5  1/2-1/2

[Event "23rd Czech Open A"]
[Site "Pardubice CZE"]
[Date "2012.07.24"]
[Round "5.63"]
[White "Petermann,M"]
[Black "Zwardon,V"]
[Result "1/2-1/2"]
[WhiteElo "2259"]
[BlackElo "2383"]

1.d4 Nf6 2.c4 e6 3.Nf3 b6 4.a3 Bb7 5.Nc3 Be7 6.Qc2 d5 7.Bg5 Nbd7 8.e3 O-O
9.cxd5 exd5 10.Bd3 Re8 11.O-O c6 12.Ne5 h6 13.Bxf6 Bxf6 14.Bh7+ Kf8 15.f4 g6
16.Bxg6 fxg6 17.Qxg6 Re7 18.Rf3 Bg7 19.Nxc6 Bxc6 20.Qxc6 Nf6 21.h3 Qe8 22.Qxe8+ Raxe8
23.Re1 h5 24.g3 Rd7 25.Rd1 Rc8 26.Kg2 Kf7 27.Rff1 Rdc7 28.Kf3 Bf8 29.Ra1 b5
30.g4 hxg4+ 31.hxg4 b4 32.axb4 Bxb4 33.Ra6 Bxc3 34.bxc3 Re7 35.g5 Ne4 36.Rh1 Rg8
37.Rhh6 Nd2+ 38.Kg4 Nc4 39.Rhf6+ Ke8 40.Rfe6 Nxe3+ 41.Kf3 Nd1 42.Rxe7+ Kxe7
43.Rxa7+ Kd6 44.Ra6+ Kd7 45.Ra7+ Kd6  1/2-1/2

[Event "23rd Czech Open A"]
[Site "Pardubice CZE"]
[Date "2012.07.25"]
[Round "6.41"]
[White "Krensing,J"]
[Black "D'Costa,L"]
[Result "0-1"]
[WhiteElo "2327"]
[BlackElo "2434"]

1.d4 Nf6 2.c4 e6 3.Nf3 b6 4.a3 Bb7 5.Nc3 g6 6.Bf4 Bg7 7.e3 O-O 8.h3 d6 9.Be2 Nbd7
10.O-O Qe7 11.Qc2 a6 12.Rfe1 c5 13.dxc5 Nxc5 14.Rad1 Nfe4 15.Nxe4 Bxe4 16.Qd2 d5
17.Qb4 Qb7 18.Be5 a5 19.Qc3 f6 20.Bd6 Rfc8 21.b4 axb4 22.axb4 Na4 23.Qb3 Qc6
24.cxd5 Bxd5 25.Rxd5 Qxd5 26.Qxd5 exd5 27.Nd4 Nc3 28.Bf3 Ne4 29.Bxe4 dxe4
30.b5 f5 31.Nc6 Kf7 32.Kh2 Ke6 33.Rd1 Rd8  0-1

[Event "ch-AUT 2012"]
[Site "Zwettl AUT"]
[Date "2012.07.25"]
[Round "5.13"]
[White "Srienz,C"]
[Black "Lenz,A"]
[Result "1-0"]
[WhiteElo "2300"]
[BlackElo "2197"]

1.Nf3 Nf6 2.c4 b6 3.d4 e6 4.a3 Bb7 5.Nc3 d5 6.cxd5 Nxd5 7.Qc2 Nxc3 8.bxc3 Nd7
9.e4 c5 10.Bd3 cxd4 11.cxd4 Rc8 12.Qe2 Be7 13.O-O O-O 14.Bb2 Nf6 15.Rfe1 Qc7
16.Rad1 Nh5 17.Bb1 Nf4 18.Qe3 Ng6 19.g3 Rfe8 20.h4 Bf6 21.h5 Nf8 22.Nh2 Be7
23.Ng4 f6 24.h6 g6 25.d5  1-0

[Event "30th Andorra Open"]
[Site "Erts-La Massana AND"]
[Date "2012.07.26"]
[Round "6.16"]
[White "Ibanez Aullana,J"]
[Black "Alexandrova,O"]
[Result "1-0"]
[WhiteElo "2288"]
[BlackElo "2417"]

1.d4 Nf6 2.c4 e6 3.Nf3 b6 4.a3 Bb7 5.Nc3 d5 6.cxd5 exd5 7.Bg5 Be7 8.Qa4+ c6
9.e3 O-O 10.Bd3 h6 11.Bf4 c5 12.Rd1 Bc6 13.Qc2 c4 14.Bf5 Bd7 15.Ne5 Bxf5
16.Qxf5 Qc8 17.Qc2 Nc6 18.O-O Rd8 19.Rfe1 a6 20.e4 dxe4 21.Nxc4 Nxd4 22.Rxd4 Rxd4
23.Nxb6 Qg4 24.Ne2 Rdd8 25.Nxa8 Rxa8 26.h3 Qf5 27.Qc6 Qd5 28.Rc1 a5 29.Rc4 Qxc6
30.Rxc6 Nd5 31.Be5 Bf6 32.Bxf6 Nxf6 33.Nc3 Rb8 34.Na4 Rd8 35.Rc5 Rd2 36.Rxa5 Kh7
37.Re5 g5 38.Kf1 Kg6 39.Ke1 Rd4 40.Nc5 h5 41.b4 Rc4 42.b5 Rc1+ 43.Kd2 e3+
44.fxe3 Rxc5 45.Rxc5 Ne4+ 46.Kd3 Nxc5+ 47.Kc4 Nd7 48.Kd5 Kf5 49.Kc6 Ne5+
50.Kc7 Nc4 51.b6 Na5 52.b7 Nxb7 53.Kxb7 Ke4 54.a4 f5 55.a5 Kxe3 56.a6 Kf2
57.a7 Kxg2 58.a8=Q Kxh3 59.Qc8 Kg4 60.Kc6 h4 61.Kd5 Kf4 62.Qc1+ Kg4 63.Qg1+ Kf4
64.Qf2+ Kg4 65.Ke5 h3 66.Qxf5+ Kh4 67.Qf2+  1-0

[Event "23rd Czech Open A"]
[Site "Pardubice CZE"]
[Date "2012.07.27"]
[Round "8.18"]
[White "Semcesen,D"]
[Black "Schlosser,P"]
[Result "1/2-1/2"]
[WhiteElo "2464"]
[BlackElo "2596"]

1.d4 Nf6 2.c4 e6 3.Nf3 b6 4.a3 Bb7 5.Nc3 d5 6.Bg5 Be7 7.Qa4+ c6 8.Bxf6 Bxf6
9.cxd5 exd5 10.g3 O-O 11.Bg2 Na6 12.O-O Re8 13.Rfe1 c5 14.Rad1 Qd6 15.e3 Nc7
16.Qc2 Rad8 17.Rd2 Ba8 18.Red1 Qe7 19.Qa4 a6 20.Qb3 Rb8 21.Ne1 c4 22.Qc2 b5
23.e4 Qd7 24.e5 Be7 25.f4 a5 26.Nf3 b4 27.axb4 axb4 28.Ne2 Bc6 29.Rf1 Ba4
30.Qc1 Nb5 31.f5 Qxf5 32.Nf4 Qd7 33.Bh3 Qc6 34.Rdf2 Qh6 35.Bd7 Red8 36.e6 Rxd7
37.exd7 Qd6 38.Qe3 Nc7 39.Re1 Bf8 40.Nh5 f6 41.Nh4 Bxd7 42.Nf5 Bxf5 43.Rxf5 Re8
44.Qd2 Rxe1+ 45.Qxe1 Kf7 46.Rf1 Ne6 47.Qe3 Be7 48.Kg2 b3 49.g4 Qb6 50.Nf4 Nxf4+
51.Rxf4 Qe6 52.Qxe6+ Kxe6 53.Rf1 Bb4 54.Kf3 g5 55.Ra1 Kd7 56.Ke2 Bd6 57.Kd2 Bxh2
58.Rh1 Bf4+ 59.Kc3 Ke6 60.Rxh7 Bg3 61.Kb4 Kd6 62.Rf7 Be1+ 63.Kb5 Ke6 64.Rf8 Bg3
65.Rh8 Bf4 66.Re8+ Kf7 67.Re1 Bd2 68.Ra1 c3 69.bxc3 b2 70.Rb1 Bxc3 71.Kc6 Bxd4
72.Kxd5 Be5 73.Ke4 Ke6 74.Re1 Kd6 75.Kd3 Kd5 76.Kc2 Kc5 77.Rd1 Kc4 78.Rd2 Bd4
79.Rd1 Kd5 80.Re1 Be5 81.Re2 Ke6 82.Rf2 Bf4 83.Re2+ Kf7 84.Rf2 Be3 85.Re2 Bc1
86.Rf2 Ke6 87.Rf5 Kf7  1/2-1/2

[Event "23rd Czech Open A"]
[Site "Pardubice CZE"]
[Date "2012.07.27"]
[Round "8.50"]
[White "Korotkjevich,S"]
[Black "Kigel,D"]
[Result "0-1"]
[WhiteElo "2401"]
[BlackElo "2276"]

1.d4 Nf6 2.Nf3 e6 3.c4 b6 4.a3 Bb7 5.Nc3 g6 6.Qc2 Bg7 7.e4 O-O 8.Bg5 h6 9.Bh4 g5
10.Bg3 d5 11.e5 Ne4 12.cxd5 exd5 13.Bd3 Nxg3 14.hxg3 c5 15.O-O-O g4 16.Nh4 Nc6
17.dxc5 bxc5 18.e6 Qg5+ 19.Kb1 Nd4 20.exf7+ Rxf7 21.Qd2 Qxd2 22.Rxd2 c4 23.Bg6 Rff8
24.Re1 Nb3 25.Rde2 d4 26.Nd1 Rf6 27.Bf5 Nc5 28.Bxg4 Nd3 29.Re8+ Bf8 30.Rxa8 Nxe1
31.Re8 Nxg2 32.Be6+ Rxe6 33.Rxe6 Nxh4 34.gxh4 Kf7 35.Re1 Be7 36.b3 c3 37.Kc2 Bxh4
38.b4 Bf6 39.f3 Bxf3 40.Nf2 Kg6 41.a4 Kf5 42.Re8 Bc6 43.Rc8 Bxa4+ 44.Kd3 Bb5+
45.Kc2 a6 46.Rc5+ Kf4 47.Rh5 Bg5 48.Rh3 Ke5 49.Nd3+ Kd5 50.Kb3 Bd7 51.Rh1 Bg4
52.Ra1 Be2 53.Nc5 Bd2 54.Ra5 Bd1+ 55.Ka2 Kc4 56.Nxa6 Bb3+ 57.Ka1 d3 58.Rc5+ Kd4
59.Nb8 Bd5 60.Na6 c2  0-1

[Event "Politiken Cup 2012"]
[Site "Helsingor DEN"]
[Date "2012.07.28"]
[Round "1.63"]
[White "Aartun,Magnus"]
[Black "Gebhardt,Ul"]
[Result "0-1"]
[WhiteElo "1800"]
[BlackElo "2222"]

1.d4 Nf6 2.c4 e6 3.Nf3 b6 4.a3 Bb7 5.Nc3 Ne4 6.e3 Nxc3 7.bxc3 Be7 8.Be2 O-O
9.O-O Nc6 10.Bb2 Na5 11.Nd2 Rc8 12.Nb3 Nxb3 13.Qxb3 c5 14.d5 f5 15.Bf3 Qc7
16.Rad1 Rb8 17.a4 Bd6 18.h3 Ba6 19.Bc1 e5 20.e4 f4 21.Qa2 Kh8 22.Qe2 Rf6
23.Rfe1 Qd8 24.Bg4 Bc7 25.Qd3 d6 26.Kh1 Qe8 27.Qc2 Bxc4 28.Bd2 h5 29.Be6 f3
30.g3 Rxe6 31.dxe6 Qxe6 32.Kh2 Bb3 33.Qd3 Bxd1 34.Rxd1 Rf8 35.Bg5 Rf7 36.Qa6 Kh7
37.Qxa7 Qg6 38.h4 Qxe4 39.Rxd6 Qe2 40.Rd2 Qf1  0-1

[Event "Politiken Cup 2012"]
[Site "Helsingor DEN"]
[Date "2012.07.29"]
[Round "2.122"]
[White "Alfven,Jorgen"]
[Black "Dyrhaug,Sverre S"]
[Result "0-1"]
[WhiteElo "1848"]
[BlackElo "1551"]

1.d4 Nf6 2.c4 e6 3.Nf3 b6 4.a3 c5 5.Nc3 d5 6.cxd5 exd5 7.g3 Bb7 8.Bg2 Bd6
9.O-O O-O 10.Bg5 Nbd7 11.dxc5 Nxc5 12.b4 Nce4 13.Bxf6 Nxf6 14.Qd3 Ne4 15.Nxd5 Bxg3
16.hxg3 Bxd5 17.Rfd1 Nf6 18.Qf5 Qe7 19.e3 Be4 20.Qb5 Qb7 21.Ne1 Bxg2 22.Nxg2 Rfd8
23.Ne1 Rac8 24.Qf5 h6 25.Nd3 Qe4 26.Qxe4 Nxe4 27.Ne5 Rxd1+ 28.Rxd1 f6 29.Ng6 Kf7
30.Nf4 g5 31.Rd7+ Ke8 32.Rd4 Nc3 33.Nd5 Ne2+ 34.Kg2 Nxd4 35.exd4 Kf7 36.Kf3 Ke6
37.Ne3 Rc3 38.a4 Ra3 39.a5 bxa5 40.d5+ Kd7 41.bxa5 Rxa5 42.g4 Ra4 43.Ke2 Rd4
44.f3 a5 45.Nc2 Rxd5 46.Ke3 Rc5 47.Nd4 Re5+ 48.Kd3 Rd5  0-1

[Event "45th Biel Masters Open"]
[Site "Biel SUI"]
[Date "2012.07.31"]
[Round "8"]
[White "Golod,V"]
[Black "Gloor,R"]
[Result "1-0"]
[WhiteElo "2547"]
[BlackElo "2251"]

1.d4 Nf6 2.c4 e6 3.Nf3 b6 4.a3 Bb7 5.Nc3 d5 6.cxd5 Nxd5 7.Qc2 Be7 8.Bd2 O-O
9.e4 Nxc3 10.Bxc3 c5 11.dxc5 Bxc5 12.Rd1 Qc7 13.b4 Be7 14.Qb2 Rc8 15.Bxg7 Bxe4
16.Bh8 Bf8 17.h4 Qc2 18.Rh3 Qxb2 19.Bxb2 Bh6 20.Ne5 Bg7 21.Rg3 Kf8 22.Bd3 Bxd3
23.Rdxd3 Rc2 24.Rd8+ Ke7 25.Rg8 Bf8 26.Rf3 f6 27.Rh8 Bg7 28.Rxh7 Kf8 29.Nd3 Kg8
30.Rxg7+ Kxg7 31.Bxf6+ Kh7 32.Bb2 Nc6 33.Rf7+ Kg8 34.Rg7+ Kf8 35.Bf6 a6 36.Nf4 Ra7
37.Nxe6+ Ke8 38.Nc7+ Kf8 39.h5 Rc1+ 40.Kd2 Rh1 41.g4  1-0

[Event "Tabor Open 2012"]
[Site "Tabor CZE"]
[Date "2012.07.31"]
[Round "4.44"]
[White "Marikova,J"]
[Black "Privoznik,Lubos"]
[Result "1-0"]
[WhiteElo "1899"]
[BlackElo "1666"]

1.d4 Nf6 2.c4 e6 3.Nf3 b6 4.a3 Bb7 5.Nc3 d5 6.Bg5 Be7 7.e3 O-O 8.Be2 h6 9.Bh4 dxc4
10.Bxc4 Ne4 11.Bxe7 Qxe7 12.O-O Nxc3 13.bxc3 Qf6 14.Qe2 Bxf3 15.gxf3 Nc6
16.e4 Ne7 17.Kh1 Ng6 18.e5 Qf5 19.Rg1 Nf4 20.Qd2 g5 21.Bb3 Ng6 22.Rg3 Rad8
23.Qb2 c5 24.Re1 cxd4 25.cxd4 Rd7 26.Qc3 Ne7 27.Bc2 Rc8 28.Qxc8+ Nxc8 29.Bxf5 exf5
30.f4 g4 31.f3 Rxd4 32.fxg4 Rxf4 33.gxf5+ Kf8 34.f6 b5 35.Reg1 Ke8 36.Rg8+ Kd7
37.Rd1+  1-0

[Event "Tabor Open 2012"]
[Site "Tabor CZE"]
[Date "2012.08.03"]
[Round "7.30"]
[White "Macura,E"]
[Black "Sourek,V"]
[Result "1-0"]
[WhiteElo "2073"]
[BlackElo "1773"]

1.d4 Nf6 2.Nf3 e6 3.c4 b6 4.a3 Bb7 5.Nc3 Be7 6.Qc2 O-O 7.e4 d6 8.Bd3 Nbd7
9.Bf4 h6 10.h3 a6 11.O-O-O c6 12.e5 Ne8 13.Qe2 d5 14.Kb1 dxc4 15.Bxc4 b5
16.Bb3 b4 17.axb4 Bxb4 18.Na4 Qe7 19.Qc4 Nc7 20.Bd2 a5 21.Rc1 Nd5 22.Be3 Rfc8
23.Rhd1 Qd8 24.Qc2 Ba6 25.Nd2 Bxd2 26.Bxd2 Rab8 27.Ka2 Nb4+ 28.Bxb4 Rxb4
29.Nc5 Nxc5 30.Qxc5 Bb5 31.d5 exd5 32.Bxd5 Qg5 33.e6 Ra4+ 34.Kb1 Qf5+ 35.Qc2 Qxc2+
36.Rxc2 Kf8 37.exf7 Rd8 38.Rc5 cxd5 39.Rxb5 d4 40.Rb7 d3 41.Rd2 Rf4 42.Ra7 Rxf7
43.Rxa5 Re7 44.Ra3 Red7 45.Rc3 Rd4 46.b3 Ke7 47.Kb2 Ke6 48.Rc7 Kf6 49.Kc3 g6
50.Rc4 R4d6 51.b4 Ra8 52.Rc5 Ra3+ 53.Kb2 Rda6 54.Rc6+ Rxc6 55.Kxa3 Ke5 56.b5 Rc3+
57.Kb4 Kd4 58.Rb2 Rc2 59.Kb3 Rc3+ 60.Ka2 Rc2 61.b6  1-0